General union environment action programme to 2020 : living well, within the limits of our planet

Gespeichert in:
Bibliographische Detailangaben
Körperschaft: European Commission
Format: Buch
Sprache:Englisch
Veröffentlicht: Luxembourg Publications Office of the European Union 2014
Schriftenreihe:Environment
Schlagworte:
Tags: Tag hinzufügen
Keine Tags, Fügen Sie das erste Tag hinzu!

MARC

LEADER 00000nam a2200000 4500
001 0188975
005 20240318114355.1
020 |a 978-92-79-34724-5 
041 0 |a eng 
044 |a LU 
245 1 0 |a General union environment action programme to 2020 : living well, within the limits of our planet 
264 1 |a Luxembourg  |b Publications Office of the European Union  |c 2014 
300 |a 87 s. 
490 1 |a Environment 
830 0 |a Environment 
610 2 0 |a prostredie životné 
610 2 0 |a politika environmentálna 
610 2 0 |a rozvoj trvalo udržateľný 
610 2 0 |a tvorba prostredia životného 
610 2 0 |a zmeny klimatické 
710 2 |a European Commission